000 00965nam a2200277 i 4500
001 000008344
003 DO-SdBNP
005 20240404151601.0
007 ta
008 090916s2003 dr 000 0 spa d
040 _aDO-SdBNP
_bspa
_cBNPHU
_erda
082 2 _bA836
_222
100 1 _aAsmar Sánchez, Alejandro A.,
_922531
_d1930-
245 1 0 _aVida refulgente /
_cAlejandro A. Asmar Sánchez ; introducción, Salvador Pitaluga Nivar ; prólogo, José E. Delmonte Peguero.
264 1 _aSanto Domingo :
_bEdiciones Nativo,
_c2003.
300 _a279 páginas ;
_c22 cm.
336 _2rdacontent
_atexto
_btxt
337 _2rdamedia
_asin mediación
_bn
338 _2rdacarrier
_avolumen
_bnc
500 _aIncluye datos biográficos del autor en las solapas
590 _aInventariado, 2020/ YL
700 1 _aPitaluga Nivar, Salvador,
_eintroducción
_977407
700 1 _aDelmonte Peguero, José E.,
_eprologo
_977408
910 _aYLokward
942 _2ddc
_cLBS1
999 _c8115
_d8115